000
00316nam a2200121Ia 4500
008
241015s9999 xx 000 0 und d
041
_a
eng
082
_a
658.155 GHO
100
_a
Ghosh
245
_a
End Users' Guide To Risk Management And Derivatives
260
_b
Wiley India
_a
USA
_c
2020
300
_a
415;. P. 23 cm
999
_c
41853
_d
41853